[Event "Skakligaen 2005/06"]
[Site "Denmark"]
[Date "2006.03.18"]
[Round "8.1"]
[White "Hector, Jonny"]
[Black "Pedersen, Nicolai Vesterbaek"]
[Result "1-0"]
[WhiteElo "2509"]
[BlackElo "2521"]
[PlyCount "87"]
[EventDate "2005.11.05"]
[EventType "team"]
[EventRounds "9"]
[EventCountry "DEN"]
[WhiteTeam "Nordkalotten"]
[BlackTeam "Aalborg"]
[WhiteTeamCountry "DEN"]
[BlackTeamCountry "DEN"]

1. d4 Nf6 2. Nc3 d5 3. Bg5 c5 4. Bxf6 gxf6 5. e4 dxe4 6. dxc5 f5 7. Qxd8+ Kxd8
8. f3 Bg7 9. O-O-O+ Bd7 10. Nh3 exf3 11. gxf3 Bxc3 12. bxc3 e6 13. Nf4 Ke7 14.
Bc4 Rc8 15. Nd3 Be8 16. Kd2 Nd7 17. Rb1 Rab8 18. Bb5 Nxc5 19. Bxe8 Kxe8 20.
Rhg1 Kf8 21. Rb4 Nd7 22. Rgb1 Rc7 23. a4 b6 24. R1b3 Rbc8 25. Ra3 a5 26. Rh4
Nf6 27. Rb3 Nd5 28. Rxh7 Kg8 29. Rh4 Rxc3 30. Rxc3 Rxc3 31. Rd4 Ra3 32. f4 Kg7
33. h4 Ra1 34. Ne5 f6 35. Nc6 Rh1 36. Nd8 Rh2+ 37. Kc1 Nb4 38. Rd7+ Kg6 39.
Nxe6 Rxc2+ 40. Kd1 Rh2 41. h5+ Kh6 42. Nf8 Rh1+ 43. Ke2 Rh2+ 44. Kf3 1-0

[Event "Skakligaen 2005/06"]
[Site "Denmark"]
[Date "2006.03.18"]
[Round "8.2"]
[White "Pedersen, Erik"]
[Black "Kristensen, Kaare Hove"]
[Result "1-0"]
[WhiteElo "2408"]
[BlackElo "2314"]
[PlyCount "57"]
[EventDate "2005.11.05"]
[EventType "team"]
[EventRounds "9"]
[EventCountry "DEN"]
[WhiteTeam "Aalborg"]
[BlackTeam "Nordkalotten"]
[WhiteTeamCountry "DEN"]
[BlackTeamCountry "DEN"]

1. d4 d5 2. Nf3 Nf6 3. e3 Bf5 4. c4 c6 5. Nc3 e6 6. Nh4 Bg6 7. Qb3 Qb6 8. Nxg6
hxg6 9. Bd2 Nbd7 10. Be2 dxc4 11. Qxc4 Bd6 12. O-O-O O-O 13. h4 c5 14. h5 gxh5
15. g4 Rfc8 16. Qd3 hxg4 17. Rdg1 cxd4 18. exd4 e5 19. Bxg4 exd4 20. Bxd7 dxc3
21. Rxg7+ Kf8 22. Rxf7+ Kxf7 23. Rh7+ Nxh7 24. Qxh7+ Kf6 25. Qf5+ Kg7 26. Qg4+
Kf7 27. Be6+ Ke8 28. Qg8+ Bf8 29. Qf7+ 1-0

[Event "Skakligaen 2005/06"]
[Site "Denmark"]
[Date "2006.03.18"]
[Round "8.3"]
[White "Nielsen, Lars Aaes"]
[Black "Jakobsen, Lars Veno"]
[Result "0-1"]
[WhiteElo "2182"]
[BlackElo "2337"]
[PlyCount "132"]
[EventDate "2005.11.05"]
[EventType "team"]
[EventRounds "9"]
[EventCountry "DEN"]
[WhiteTeam "Nordkalotten"]
[BlackTeam "Aalborg"]
[WhiteTeamCountry "DEN"]
[BlackTeamCountry "DEN"]

1. e4 c6 2. d4 d5 3. exd5 cxd5 4. Nf3 Nf6 5. c3 Nc6 6. Bf4 e6 7. Bb5 Bd6 8. Ne5
Bxe5 9. Bxe5 O-O 10. Bxc6 bxc6 11. O-O Nd7 12. Bd6 Re8 13. Re1 Ba6 14. Re3 Nb6
15. Bf4 Nc4 16. Rh3 Qf6 17. Rf3 Nxb2 18. Qc2 Nd3 19. Bd2 Qg6 20. Rg3 Qf5 21.
Bh6 g6 22. Na3 Rab8 23. Rf3 Qh5 24. Rh3 Qf5 25. Rf3 Qe4 26. Re3 Qh4 27. Rh3 Qe7
28. Qa4 Rb6 29. Nc2 Reb8 30. g4 Bb5 31. Qa3 Qxa3 32. Nxa3 Ba6 33. Rd1 Nb2 34.
Re1 Bd3 35. Bc1 Ra6 36. Bxb2 Rxb2 37. Rxd3 Rxa3 38. h4 Raxa2 39. Rf3 Re2 40.
Rb1 Rab2 41. Ra1 Ra2 42. Rb1 Rab2 43. Ra1 Rb7 44. Ra6 Rc7 45. Rd3 Rc2 46. Ra5
Kf8 47. Rc5 Ke7 48. Re3 Kd7 49. Re1 Rb7 50. Ra1 Rcb2 51. Kg2 R2b5 52. Rxb5 cxb5
53. Kf3 Rc7 54. Kf4 Rxc3 55. Rxa7+ Rc7 56. Ra8 h6 57. Rb8 Kc6 58. h5 gxh5 59.
gxh5 Rb7 60. Rc8+ Kd6 61. Ke3 b4 62. Kd2 b3 63. Kc1 Rc7+ 64. Rxc7 Kxc7 65. Kb2
Kd6 66. Kxb3 Ke7 0-1

[Event "Skakligaen 2005/06"]
[Site "Denmark"]
[Date "2006.03.18"]
[Round "8.4"]
[White "Meyer, Lars August"]
[Black "Jakobsen, Peter"]
[Result "1/2-1/2"]
[WhiteElo "2259"]
[BlackElo "2162"]
[PlyCount "37"]
[EventDate "2005.11.05"]
[EventType "team"]
[EventRounds "9"]
[EventCountry "DEN"]
[WhiteTeam "Aalborg"]
[BlackTeam "Nordkalotten"]
[WhiteTeamCountry "DEN"]
[BlackTeamCountry "DEN"]

1. d4 Nf6 2. c4 e6 3. Nf3 b6 4. g3 Ba6 5. b3 Bb7 6. Bg2 Bb4+ 7. Bd2 a5 8. O-O
O-O 9. Nc3 d6 10. a3 Bxc3 11. Bxc3 Nbd7 12. Qc2 Be4 13. Qb2 a4 14. b4 b5 15.
cxb5 Qb8 16. Rac1 Qxb5 17. Rfe1 Rac8 18. Bf1 Rfe8 19. Nd2 1/2-1/2

[Event "Skakligaen 2005/06"]
[Site "Denmark"]
[Date "2006.03.18"]
[Round "8.5"]
[White "Koch, Soren Andreas"]
[Black "Hellegaard, Carsten"]
[Result "0-1"]
[WhiteElo "2106"]
[BlackElo "2250"]
[PlyCount "94"]
[EventDate "2005.11.05"]
[EventType "team"]
[EventRounds "9"]
[EventCountry "DEN"]
[WhiteTeam "Nordkalotten"]
[BlackTeam "Aalborg"]
[WhiteTeamCountry "DEN"]
[BlackTeamCountry "DEN"]

1. d4 d5 2. Nf3 Nf6 3. c4 e6 4. Nc3 c6 5. Bg5 h6 6. Bxf6 Qxf6 7. e3 Nd7 8. Bd3
g6 9. O-O Bg7 10. e4 dxc4 11. Bxc4 e5 12. Re1 O-O 13. b4 Qe7 14. Qb3 exd4 15.
Ne2 a5 16. Nexd4 axb4 17. Rab1 Ra3 18. Qxb4 Qxb4 19. Rxb4 c5 20. Rb3 Ra4 21.
Bb5 Rxd4 22. Nxd4 Bxd4 23. Bxd7 Bxd7 24. Rxb7 Be6 25. Ra7 c4 26. Ra4 Rb8 27.
Kf1 Bd7 28. Ra5 Bc3 29. Rc5 Bxe1 30. Kxe1 Rb1+ 31. Kd2 Rb2+ 32. Ke3 Rxa2 33.
Rxc4 Kg7 34. Rc5 g5 35. h3 Be6 36. Re5 Ra3+ 37. Kd2 Bc4 38. Rc5 Bf1 39. g3 Bxh3
40. Rc7 Bg2 41. e5 Bd5 42. Rc5 Be6 43. Ke2 Bg4+ 44. Kd2 Ra2+ 45. Ke1 Bf3 46.
Rc3 Re2+ 47. Kf1 g4 0-1

[Event "Skakligaen 2005/06"]
[Site "Denmark"]
[Date "2006.03.18"]
[Round "8.6"]
[White "Nielsen, Steffen Slumstrup"]
[Black "Doucha, Ludvig"]
[Result "1-0"]
[WhiteElo "2222"]
[BlackElo "2080"]
[PlyCount "79"]
[EventDate "2005.11.05"]
[EventType "team"]
[EventRounds "9"]
[EventCountry "DEN"]
[WhiteTeam "Aalborg"]
[BlackTeam "Nordkalotten"]
[WhiteTeamCountry "DEN"]
[BlackTeamCountry "DEN"]

1. e4 e5 2. Nf3 d6 3. Nc3 Nf6 4. d4 exd4 5. Nxd4 g6 6. Bc4 Bg7 7. O-O O-O 8. f3
Nc6 9. Be3 Nxd4 10. Bxd4 Be6 11. Qd3 a6 12. a4 Qe7 13. Rfe1 Qd7 14. a5 Rad8 15.
Rad1 Rfe8 16. b4 Bxc4 17. Qxc4 Qc6 18. Qb3 Re6 19. Ne2 Qd7 20. c4 Bh6 21. Bf2
Qc8 22. Bh4 g5 23. Bg3 Nh5 24. Nd4 Rg6 25. Nf5 Bf8 26. Bf2 Ng7 27. Ne3 Re8 28.
b5 axb5 29. cxb5 Qe6 30. Qc3 f5 31. Nd5 fxe4 32. Nxc7 Qc8 33. Qb3+ Kh8 34. Nxe8
Qxe8 35. Rxe4 Qd8 36. a6 bxa6 37. bxa6 g4 38. Rxg4 Rxg4 39. fxg4 Qa5 40. Qf7
1-0

[Event "Skakligaen 2005/06"]
[Site "Denmark"]
[Date "2006.03.18"]
[Round "8.7"]
[White "Lilja, Richard"]
[Black "Hjorth, Torben"]
[Result "0-1"]
[WhiteElo "2014"]
[BlackElo "2201"]
[PlyCount "82"]
[EventDate "2005.11.05"]
[EventType "team"]
[EventRounds "9"]
[EventCountry "DEN"]
[WhiteTeam "Nordkalotten"]
[BlackTeam "Aalborg"]
[WhiteTeamCountry "DEN"]
[BlackTeamCountry "DEN"]

1. Nc3 c5 2. e4 Nc6 3. Bb5 e6 4. Bxc6 bxc6 5. d3 d5 6. Nf3 Nf6 7. O-O Be7 8.
Bg5 O-O 9. Re1 a5 10. Na4 Nd7 11. Bxe7 Qxe7 12. e5 Ba6 13. b3 Bb5 14. Nb2 a4
15. Qd2 a3 16. Nd1 d4 17. Ng5 Nb6 18. f3 Nd5 19. Nf2 Rad8 20. Nfe4 f6 21. exf6
gxf6 22. Nxe6 Qxe6 23. Nxc5 Qd6 24. Nb7 Qc7 25. Nxd8 Qxd8 26. Qf2 Ne3 27. c4
Ba6 28. b4 Qe7 29. Rab1 c5 30. b5 Bb7 31. Qd2 Kh8 32. Kf2 Re8 33. Rb3 f5 34.
Rxa3 f4 35. Rb3 Rg8 36. Rg1 Qh4+ 37. Ke2 Qxh2 38. Qe1 Rxg2+ 39. Rxg2 Qxg2+ 40.
Qf2 Bxf3+ 41. Ke1 Qh1+ 0-1

[Event "Skakligaen 2005/06"]
[Site "Denmark"]
[Date "2006.03.18"]
[Round "8.8"]
[White "Nielsen, Jorgen G"]
[Black "Noer, Martin Stampe"]
[Result "1/2-1/2"]
[WhiteElo "2149"]
[BlackElo "1746"]
[PlyCount "36"]
[EventDate "2005.11.05"]
[EventType "team"]
[EventRounds "9"]
[EventCountry "DEN"]
[WhiteTeam "Aalborg"]
[BlackTeam "Nordkalotten"]
[WhiteTeamCountry "DEN"]
[BlackTeamCountry "DEN"]

1. d4 d5 2. c4 c6 3. Nc3 Nf6 4. e3 e6 5. Bd3 Bd6 6. f4 Nbd7 7. Nf3 O-O 8. O-O
c5 9. Ne5 a6 10. Qf3 dxc4 11. Nxc4 Be7 12. Rd1 Qc7 13. Bd2 Rb8 14. Ne5 Qd6 15.
a3 b5 16. Ne4 Nxe4 17. Bxe4 Nxe5 18. fxe5 Qb6 1/2-1/2

[Event "Skakligaen 2005/06"]
[Site "Denmark"]
[Date "2006.03.18"]
[Round "8.1"]
[White "Rasmussen, Karsten"]
[Black "Hillarp Persson, Tiger"]
[Result "0-1"]
[WhiteElo "2455"]
[BlackElo "2534"]
[PlyCount "78"]
[EventDate "2005.11.05"]
[EventType "team"]
[EventRounds "9"]
[EventCountry "DEN"]
[WhiteTeam "Skolerne"]
[BlackTeam "Bronshoj"]
[WhiteTeamCountry "DEN"]
[BlackTeamCountry "DEN"]

1. d4 d5 2. Nf3 c6 3. Bf4 Qb6 4. b3 Nf6 5. e3 Bg4 6. Bd3 e6 7. O-O c5 8. Nc3
Nc6 9. Nb5 Rc8 10. c4 Qd8 11. Be2 a6 12. Nc3 cxd4 13. Nxd4 Bxe2 14. Ncxe2 dxc4
15. Nxc6 Qxd1 16. Rfxd1 Rxc6 17. bxc4 Rxc4 18. Rac1 Rc5 19. Nd4 Nd5 20. Be5 Nc3
21. Rd3 Nxa2 22. Rxc5 Bxc5 23. Bxg7 Rg8 24. Bf6 Nc1 25. Rd1 Bxd4 26. exd4 Ne2+
27. Kf1 Nf4 28. Be5 Nd5 29. Rd3 f6 30. Bd6 Kd7 31. Ba3 b5 32. Bc1 Rc8 33. Bd2
Rc2 34. Ke1 b4 35. Rh3 Kc6 36. Kd1 Rc4 37. Rxh7 b3 38. Ra7 b2 39. Rxa6+ Kb7 0-1

[Event "Skakligaen 2005/06"]
[Site "Denmark"]
[Date "2006.03.18"]
[Round "8.2"]
[White "Pilgaard, Kim"]
[Black "Sorensen, Jan"]
[Result "0-1"]
[WhiteElo "2417"]
[BlackElo "2416"]
[PlyCount "82"]
[EventDate "2005.11.05"]
[EventType "team"]
[EventRounds "9"]
[EventCountry "DEN"]
[WhiteTeam "Bronshoj"]
[BlackTeam "Skolerne"]
[WhiteTeamCountry "DEN"]
[BlackTeamCountry "DEN"]

1. e4 e6 2. d4 d5 3. Nd2 Be7 4. Bd3 c5 5. dxc5 Nf6 6. Qe2 Nc6 7. Ngf3 Nb4 8.
Nb3 O-O 9. O-O a5 10. a4 b6 11. e5 Nd7 12. c6 Nxc6 13. Bb5 Qc7 14. Re1 Nc5 15.
Nbd4 Bd7 16. Bf4 Na7 17. Bg5 Bxg5 18. Nxg5 Bxb5 19. axb5 h6 20. Nh3 Rae8 21.
Ra3 f6 22. exf6 Rxf6 23. Re3 Nc8 24. c4 dxc4 25. Qxc4 Nd6 26. Qe2 Qf7 27. f3 e5
28. Nc6 e4 29. Nf2 Nf5 30. Rc3 e3 31. Nd3 Nxd3 32. Rxd3 Qc4 33. Rd8 Qe6 34. Qd3
Rxd8 35. Qxd8+ Kh7 36. Qxb6 Rg6 37. Qc5 Nh4 38. Rxe3 Rxg2+ 39. Kh1 Qh3 40. Qd6
Rg1+ 41. Kxg1 Qg2# 0-1

[Event "Skakligaen 2005/06"]
[Site "Denmark"]
[Date "2006.03.18"]
[Round "8.3"]
[White "Glud, Jakob Vang"]
[Black "Hoi, Carsten"]
[Result "1/2-1/2"]
[WhiteElo "2346"]
[BlackElo "2382"]
[PlyCount "59"]
[EventDate "2005.11.05"]
[EventType "team"]
[EventRounds "9"]
[EventCountry "DEN"]
[WhiteTeam "Skolerne"]
[BlackTeam "Bronshoj"]
[WhiteTeamCountry "DEN"]
[BlackTeamCountry "DEN"]

1. c4 e6 2. d4 Bb4+ 3. Bd2 Qe7 4. Nf3 Nf6 5. g3 O-O 6. Bg2 Bxd2+ 7. Qxd2 Ne4 8.
Qc2 Qb4+ 9. Nbd2 Nxd2 10. Nxd2 Nc6 11. e3 Qe7 12. O-O d6 13. Qc3 e5 14. d5 Nd8
15. c5 f5 16. Rfc1 Nf7 17. a4 g5 18. a5 e4 19. cxd6 cxd6 20. Nc4 Bd7 21. Qb4
Rfc8 22. Rc3 Rab8 23. Rac1 Rc5 24. Na3 b6 25. axb6 axb6 26. Qd4 Qe5 27. Bf1
Rxd5 28. Qxe5 Nxe5 29. Rc7 b5 30. b4 1/2-1/2

[Event "Skakligaen 2005/06"]
[Site "Denmark"]
[Date "2006.03.18"]
[Round "8.4"]
[White "Bromann, Thorbjorn"]
[Black "Ochsner, Thomas"]
[Result "1/2-1/2"]
[WhiteElo "2349"]
[BlackElo "2347"]
[PlyCount "45"]
[EventDate "2005.11.05"]
[EventType "team"]
[EventRounds "9"]
[EventCountry "DEN"]
[WhiteTeam "Bronshoj"]
[BlackTeam "Skolerne"]
[WhiteTeamCountry "DEN"]
[BlackTeamCountry "DEN"]

1. e4 e5 2. Nf3 Nc6 3. Nc3 Nf6 4. g3 d5 5. exd5 Nxd5 6. Bg2 Nxc3 7. bxc3 Bd6 8.
O-O O-O 9. d3 Bg4 10. Qe1 Qd7 11. Ng5 Rfe8 12. Qe4 Bf5 13. Qa4 Rab8 14. Rb1 b5
15. Rxb5 Nd4 16. Ra5 Ne2+ 17. Kh1 Qxa4 18. Rxa4 Nxc3 19. Rxa7 h6 20. Nf3 e4 21.
Nh4 Bh7 22. dxe4 Nxe4 23. Be3 1/2-1/2

[Event "Skakligaen 2005/06"]
[Site "Denmark"]
[Date "2006.03.18"]
[Round "8.5"]
[White "Christensen, Tobias"]
[Black "Brinck Claussen, Bjorn"]
[Result "0-1"]
[WhiteElo "2322"]
[BlackElo "2306"]
[PlyCount "82"]
[EventDate "2005.11.05"]
[EventType "team"]
[EventRounds "9"]
[EventCountry "DEN"]
[WhiteTeam "Skolerne"]
[BlackTeam "Bronshoj"]
[WhiteTeamCountry "DEN"]
[BlackTeamCountry "DEN"]

1. d4 d5 2. Nf3 Nf6 3. Bf4 c5 4. e3 Nc6 5. Nc3 cxd4 6. exd4 a6 7. h3 g6 8. Bd3
Bg7 9. Qd2 O-O 10. Bh6 Qb6 11. Bxg7 Kxg7 12. O-O-O Qc7 13. g4 Be6 14. Ng5 Bd7
15. Qe3 b5 16. f4 Rac8 17. Kb1 Qa5 18. Ne2 Nb4 19. Nc1 h6 20. Nf3 Ne4 21. Bxe4
dxe4 22. Ne1 Nd5 23. Qxe4 Bc6 24. Qf3 Nc3+ 25. Qxc3 Qxc3 26. bxc3 Bxh1 27. Kb2
Be4 28. Ned3 Bxd3 29. Nxd3 Rfd8 30. Re1 Rc7 31. Nc5 Rd6 32. Re5 Rf6 33. Nd3
Rfc6 34. Nc5 e6 35. Re3 Rxc5 36. dxc5 Rxc5 37. Re4 g5 38. Kb3 Rc4 39. Rxc4
bxc4+ 40. Kxc4 gxf4 41. h4 f6 0-1

[Event "Skakligaen 2005/06"]
[Site "Denmark"]
[Date "2006.03.18"]
[Round "8.6"]
[White "Carstensen, Jacob"]
[Black "Rasmussen, Casper Dahl"]
[Result "1/2-1/2"]
[WhiteElo "2303"]
[BlackElo "2324"]
[PlyCount "126"]
[EventDate "2005.11.05"]
[EventType "team"]
[EventRounds "9"]
[EventCountry "DEN"]
[WhiteTeam "Bronshoj"]
[BlackTeam "Skolerne"]
[WhiteTeamCountry "DEN"]
[BlackTeamCountry "DEN"]

1. d4 d5 2. c4 c6 3. Nc3 dxc4 4. e3 b5 5. a4 b4 6. Na2 e6 7. Bxc4 Nf6 8. Nf3
Be7 9. O-O O-O 10. Qe2 Nbd7 11. e4 Bb7 12. Ng5 h6 13. Nxe6 fxe6 14. Bxe6+ Kh8
15. e5 Nh7 16. Bb3 Qc7 17. Bc2 Rfd8 18. Qh5 c5 19. Qf7 cxd4 20. Bxh6 Qxe5 21.
Rae1 Ng5 22. Qg6 Qf6 23. Rxe7 Qxg6 24. Bxg6 gxh6 25. h4 Rg8 26. hxg5 Rxg6 27.
Rxd7 Bc6 28. Rxd4 a5 29. Rh4 Rag8 30. f3 Bxa4 31. Rxh6+ Rxh6 32. gxh6 Rc8 33.
Rf2 Bb3 34. g4 Bxa2 35. g5 Kh7 36. Re2 Kg6 37. f4 Kf5 38. Re5+ Kxf4 39. Rxa5
Bb1 40. Rb5 Rc4 41. b3 Rd4 42. Rb7 Be4 43. h7 Rd1+ 44. Kf2 Rh1 45. Rxb4 Rxh7
46. Ke2 Rh2+ 47. Kd1 Ke3 48. Kc1 Rc2+ 49. Kd1 Rc3 50. Rc4 Bf3+ 51. Ke1 Rd3 52.
Rc1 Be2 53. g6 Rd6 54. Rc3+ Bd3 55. Rc7 Rxg6 56. Re7+ Be4 57. Rf7 Rg1+ 58. Rf1
Rg2 59. Rf8 Rb2 60. Rd8 Rxb3 61. Rd7 Rb1+ 62. Rd1 Rb7 63. Rd8 Rb1+ 1/2-1/2

[Event "Skakligaen 2005/06"]
[Site "Denmark"]
[Date "2006.03.18"]
[Round "8.7"]
[White "Pedersen, Finn"]
[Black "Palm, Nikolaj"]
[Result "1/2-1/2"]
[WhiteElo "2315"]
[BlackElo "2231"]
[PlyCount "83"]
[EventDate "2005.11.05"]
[EventType "team"]
[EventRounds "9"]
[EventCountry "DEN"]
[WhiteTeam "Skolerne"]
[BlackTeam "Bronshoj"]
[WhiteTeamCountry "DEN"]
[BlackTeamCountry "DEN"]

1. Nf3 d5 2. d4 e6 3. Bg5 Nf6 4. Nbd2 Be7 5. e3 b6 6. Ne5 O-O 7. Bd3 Bb7 8. O-O
Ne4 9. Bxe7 Qxe7 10. f3 Nxd2 11. Qxd2 f6 12. Ng4 c5 13. c3 Nc6 14. Bb5 a6 15.
Bxc6 Bxc6 16. f4 Be8 17. Nf2 Bg6 18. Rfe1 Ra7 19. Rad1 Rd7 20. Qe2 b5 21. Qf3
Rfd8 22. g4 e5 23. Qg3 cxd4 24. exd4 exf4 25. Qxf4 Qf7 26. Nd3 Bxd3 27. Rxd3
Re8 28. Rde3 Rde7 29. Kf2 Rxe3 30. Rxe3 Rxe3 31. Qxe3 Qd7 32. Kf3 Kf7 33. Qf4
Qe6 34. h4 g6 35. g5 f5 36. Kf2 Qe4 37. Qc7+ Kg8 38. Qd8+ Kf7 39. Qf6+ Kg8 40.
Qd8+ Kf7 41. Qf6+ Kg8 42. Qd8+ 1/2-1/2

[Event "Skakligaen 2005/06"]
[Site "Denmark"]
[Date "2006.03.18"]
[Round "8.8"]
[White "Ligaard, Morten Lund"]
[Black "Jacobsen, Bo"]
[Result "0-1"]
[WhiteElo "2196"]
[BlackElo "2279"]
[PlyCount "94"]
[EventDate "2005.11.05"]
[EventType "team"]
[EventRounds "9"]
[EventCountry "DEN"]
[WhiteTeam "Bronshoj"]
[BlackTeam "Skolerne"]
[WhiteTeamCountry "DEN"]
[BlackTeamCountry "DEN"]

1. d4 Nf6 2. c4 c5 3. e3 g6 4. Nf3 Bg7 5. Nc3 O-O 6. Be2 d6 7. O-O Bf5 8. b3
Nc6 9. Bb2 Ne4 10. Nxe4 Bxe4 11. Qd2 a5 12. Rfd1 Qb6 13. dxc5 dxc5 14. Bxg7
Kxg7 15. Qc3+ f6 16. Rd7 Rfd8 17. Rad1 Rxd7 18. Rxd7 a4 19. h3 Bf5 20. Rd2 Kf7
21. Bd3 Qb4 22. Qxb4 Nxb4 23. Bxf5 gxf5 24. a3 Nc6 25. Rb2 Ke6 26. Nd2 Kd6 27.
Kf1 axb3 28. Rxb3 Kc7 29. Ke2 h5 30. h4 Ra4 31. Rc3 b6 32. f4 Ra8 33. Kf2 Rd8
34. Nf1 e6 35. Ng3 Rh8 36. e4 fxe4 37. Nxe4 f5 38. Ng3 Na5 39. a4 Kd6 40. Nf1
e5 41. Nd2 exf4 42. Rd3+ Ke6 43. g3 fxg3+ 44. Rxg3 Rd8 45. Ke2 Rd4 46. Rg6+ Kf7
47. Rxb6 Rxd2+ 0-1

[Event "Skakligaen 2005/06"]
[Site "Denmark"]
[Date "2006.03.18"]
[Round "8.1"]
[White "Pedersen, Christian Kyndel"]
[Black "Hansen, Sune Berg"]
[Result "1/2-1/2"]
[WhiteElo "2405"]
[BlackElo "2558"]
[PlyCount "36"]
[EventDate "2005.11.05"]
[EventType "team"]
[EventRounds "9"]
[EventCountry "DEN"]
[WhiteTeam "Nordre"]
[BlackTeam "Helsingor"]
[WhiteTeamCountry "DEN"]
[BlackTeamCountry "DEN"]

1. e4 e5 2. Nf3 Nc6 3. Bb5 Nf6 4. O-O Nxe4 5. d4 Nd6 6. Bxc6 dxc6 7. dxe5 Nf5
8. Qxd8+ Kxd8 9. Nc3 Ne7 10. Bg5 h6 11. Rad1+ Ke8 12. Bf4 Ng6 13. Bg3 Be6 14.
Nd4 h5 15. f4 Bc4 16. Rf3 h4 17. Bf2 Bb4 18. Nf5 Bxc3 1/2-1/2

[Event "Skakligaen 2005/06"]
[Site "Denmark"]
[Date "2006.03.18"]
[Round "8.2"]
[White "Mortensen, Erling"]
[Black "Christensen, Jan Schleicher"]
[Result "1-0"]
[WhiteElo "2474"]
[BlackElo "2243"]
[PlyCount "117"]
[EventDate "2005.11.05"]
[EventType "team"]
[EventRounds "9"]
[EventCountry "DEN"]
[WhiteTeam "Helsingor"]
[BlackTeam "Nordre"]
[WhiteTeamCountry "DEN"]
[BlackTeamCountry "DEN"]

1. c4 c5 2. Nf3 Nf6 3. Nc3 d5 4. cxd5 Nxd5 5. d4 cxd4 6. Qxd4 Nxc3 7. Qxc3 Nc6
8. e4 e6 9. Bb5 Qb6 10. a4 a6 11. Be3 axb5 12. Bxb6 Bb4 13. a5 Bxc3+ 14. bxc3
e5 15. Ke2 Be6 16. Nd2 b4 17. cxb4 Nxb4 18. Rhc1 Nc6 19. Rc3 Ra6 20. Nb3 Bxb3
21. Rxb3 O-O 22. Rb5 Rfa8 23. Rd1 h6 24. Rdd5 g6 25. Kd3 Kg7 26. Bc7 Kg8 27. g4
R6a7 28. Bb6 Ra6 29. Kc4 Rc8 30. Rbc5 Rca8 31. h4 Kg7 32. g5 hxg5 33. hxg5 Kg8
34. Rxc6 bxc6 35. Rxe5 Rb8 36. Kc5 Rc8 37. Kd6 Raa8 38. f4 Kf8 39. Kd7 Kg8 40.
Rc5 Re8 41. e5 Kf8 42. Rxc6 Re7+ 43. Kd6 Ke8 44. Kc5 Rd7 45. e6 Rd1 46. exf7+
Kxf7 47. Rf6+ Kg7 48. Re6 Kf7 49. Re4 Ra1 50. Kb5 Rb1+ 51. Kc6 Ra1 52. Re5 Rc8+
53. Kb7 Rc4 54. a6 Rxf4 55. Ra5 Rxa5 56. Bxa5 Ra4 57. Bd8 Ke6 58. a7 Kd7 59.
Bb6 1-0

[Event "Skakligaen 2005/06"]
[Site "Denmark"]
[Date "2006.03.18"]
[Round "8.3"]
[White "Petersen, Tom Petri"]
[Black "Holmsgaard, Henrik"]
[Result "0-1"]
[WhiteElo "2241"]
[BlackElo "2344"]
[PlyCount "126"]
[EventDate "2005.11.05"]
[EventType "team"]
[EventRounds "9"]
[EventCountry "DEN"]
[WhiteTeam "Nordre"]
[BlackTeam "Helsingor"]
[WhiteTeamCountry "DEN"]
[BlackTeamCountry "DEN"]

1. e4 c5 2. Nc3 Nc6 3. g3 g6 4. Bg2 Bg7 5. d3 d6 6. Be3 e5 7. Nge2 Nge7 8. O-O
Nd4 9. Qd2 O-O 10. Rae1 Be6 11. Nd5 Bxd5 12. exd5 Nef5 13. c3 Nxe2+ 14. Rxe2
Nxe3 15. fxe3 f5 16. e4 f4 17. Ref2 Bh6 18. Qe2 Qg5 19. gxf4 exf4 20. Kh1 Qh4
21. Qf3 Rae8 22. Bh3 Re5 23. Rg2 Rh5 24. Bg4 Rg5 25. Be6+ Kg7 26. Rxg5 Bxg5 27.
Rg1 h5 28. Kg2 Kh6 29. h3 Bf6 30. Kf1 b5 31. Qg2 g5 32. Qf2 Qxf2+ 33. Kxf2 b4
34. Rb1 Rb8 35. c4 Be5 36. Kf3 Kg7 37. Rg1 Kf6 38. Rg2 a5 39. Bd7 Rb7 40. Be6
Rg7 41. Bc8 a4 42. Be6 Bd4 43. Bf5 Ke5 44. Be6 Be3 45. Bc8 Kd4 46. Bf5 b3 47.
a3 Bc1 48. Re2 g4+ 49. hxg4 hxg4+ 50. Bxg4 Kxd3 51. e5 Rxg4 52. Kxg4 Kxe2 53.
e6 f3 54. e7 f2 55. e8=Q+ Be3 56. Kf5 f1=Q+ 57. Ke6 Bf4 58. Qxa4 Qh3+ 59. Kf7
Be5 60. Qb5 Bxb2 61. a4 Be5 62. a5 b2 63. a6 Qh7+ 0-1

[Event "Skakligaen 2005/06"]
[Site "Denmark"]
[Date "2006.03.18"]
[Round "8.4"]
[White "Nielsen, Nicholas Roland"]
[Black "Hoiberg, Nina"]
[Result "1/2-1/2"]
[WhiteElo "2172"]
[BlackElo "2252"]
[PlyCount "73"]
[EventDate "2005.11.05"]
[EventType "team"]
[EventRounds "9"]
[EventCountry "DEN"]
[WhiteTeam "Helsingor"]
[BlackTeam "Nordre"]
[WhiteTeamCountry "DEN"]
[BlackTeamCountry "DEN"]

1. e4 e5 2. Nf3 Nc6 3. Bb5 d6 4. d4 Bd7 5. Nc3 Nf6 6. O-O exd4 7. Nxd4 Be7 8.
Bxc6 bxc6 9. Qf3 O-O 10. Nf5 Bxf5 11. Qxf5 Qd7 12. Qa5 Rfb8 13. Qa4 Rb6 14. b3
Rab8 15. Bb2 Qg4 16. e5 dxe5 17. Qxg4 Nxg4 18. h3 Nh6 19. Na4 Rb5 20. c4 Ra5
21. Bc3 Bb4 22. Bxb4 Rxb4 23. Rfd1 g6 24. Rd8+ Kg7 25. Rc8 Nf5 26. Rxc7 Nd4 27.
Rd1 Rb8 28. Nc3 Ra6 29. Rd2 Rd8 30. Kf1 Ne6 31. Rxd8 Nxc7 32. Rd7 Ne6 33. Na4
Kf8 34. g3 Ke8 35. Rd2 Ke7 36. h4 f5 37. Kg2 1/2-1/2

[Event "Skakligaen 2005/06"]
[Site "Denmark"]
[Date "2006.03.18"]
[Round "8.5"]
[White "Veng, Johny"]
[Black "Larsen, Ole Bogh"]
[Result "1-0"]
[WhiteElo "2185"]
[BlackElo "2202"]
[PlyCount "115"]
[EventDate "2005.11.05"]
[EventType "team"]
[EventRounds "9"]
[EventCountry "DEN"]
[WhiteTeam "Nordre"]
[BlackTeam "Helsingor"]
[WhiteTeamCountry "DEN"]
[BlackTeamCountry "DEN"]

1. e4 c5 2. Nf3 e6 3. d4 cxd4 4. Nxd4 Nf6 5. Nc3 Qb6 6. Nb3 Bb4 7. Bd3 d5 8.
exd5 Nxd5 9. Bd2 Nxc3 10. bxc3 Be7 11. O-O O-O 12. Re1 Nd7 13. Qf3 Nc5 14. Nxc5
Qxc5 15. Rab1 Bf6 16. c4 Qc6 17. Qe2 Re8 18. Rb5 a6 19. Be4 Qd6 20. Rb3 e5 21.
Be3 Qe7 22. Reb1 Rb8 23. c5 Qc7 24. Rb6 Be6 25. Rxb7 Rxb7 26. Rxb7 Qa5 27. c4
Rd8 28. h3 Qc3 29. Bd5 Bxd5 30. cxd5 Rxd5 31. Rb8+ Rd8 32. Rxd8+ Bxd8 33. Qxa6
h6 34. Qc8 Qa5 35. g3 Qc7 36. Qxc7 Bxc7 37. Kf1 Kf8 38. Ke2 Ke7 39. Kd3 Kd7 40.
Kc4 Kc6 41. Kb4 f5 42. Kc4 g5 43. Bd2 Bd8 44. Bc3 e4 45. g4 f4 46. Bb4 Bf6 47.
a4 Be5 48. a5 f3 49. Be1 Bb2 50. a6 Ba3 51. Kd4 Bxc5+ 52. Kxe4 Kb5 53. Kxf3
Kxa6 54. Ke4 Kb5 55. f3 Kc4 56. h4 Be7 57. hxg5 hxg5 58. Bd2 1-0

[Event "Skakligaen 2005/06"]
[Site "Denmark"]
[Date "2006.03.18"]
[Round "8.6"]
[White "Jorgensen, Michael"]
[Black "Pedersen, Karl"]
[Result "1-0"]
[WhiteElo "2185"]
[BlackElo "2244"]
[PlyCount "55"]
[EventDate "2005.11.05"]
[EventType "team"]
[EventRounds "9"]
[EventCountry "DEN"]
[WhiteTeam "Helsingor"]
[BlackTeam "Nordre"]
[WhiteTeamCountry "DEN"]
[BlackTeamCountry "DEN"]

1. d4 Nf6 2. c4 g6 3. Nc3 Bg7 4. e4 d6 5. f3 O-O 6. Be3 e5 7. d5 c5 8. Qd2 a6
9. Bd3 Nbd7 10. Nge2 Rb8 11. O-O Kh8 12. Rab1 Qc7 13. a3 Ne8 14. b4 f5 15. exf5
gxf5 16. f4 e4 17. Bc2 Ndf6 18. h3 Bd7 19. Kh1 Rg8 20. a4 Nh5 21. Rg1 b6 22. g4
fxg4 23. Nxe4 h6 24. hxg4 Qd8 25. g5 Bf5 26. N2g3 Nxg3+ 27. Nxg3 Bg4 28. Qd3
1-0